Statistics for Geography by Letter on the Map of Europe - E

Click here to take the quiz!

General Stats

  • This quiz has been taken 5,915 times
  • The average score is 10 of 20

Answers on the Map

Answers color-coded by a green-red scale on the quiz's map according to % correct below.
 

Answer Stats

Answer% Correct
England
99%
Estonia
97%
Edinburgh
90%
English Channel
87%
Etna
77%
Essen
70%
Elbe
67%
Elbrus
57%
Elba
45%
Essex
45%
Eindhoven
41%
Ebro
38%
Espoo
28%
Extremadura
26%
Emilia Romagna
24%
Euboea
20%
Erfurt
19%
Edirne
16%
Eiger Mountain
10%
Engels
5%

Score Distribution

Percentile by Number Answered

Percent of People with Each Score

Your Score History

You have not taken this quiz